Biblioteca y Centro de Documentación

Cambios sociales y prestación económica de maternidad (Sobre la maternidad subrogada) (Registro nro. 50069)

Detalles MARC
000 -CABECERA
Longitud fija campo de control 01134naa a2200301 c 4500
001 - NÚMERO DE CONTROL
Número de control 50069
003 - IDENTIFICADOR DE NÚMERO DE CONTROL
Identificador del número de control ES-MaCES
005 - FECHA Y HORA DE LA ÚLTIMA TRANSACCIÓN
Fecha y hora de la última transacción 20171013121130.0
008 - CAMPO FIJO DE DESCRIPCIÓN FIJA--INFORMACIÓN GENERAL
Códigos de información de longitud fija   171013s2017 sp ||||| t||||||| ||spa d
040 ## - FUENTE DE CATALOGACIÓN
Centro catalogador de origen ES-MaCES
Lengua de catalogación spa
Centro transcriptor ES-MaCES
Centro modificado ES-MaCES
100 1# - ENCABEZAMIENTO PRINCIPAL--NOMBRE PERSONAL
9 (RLIN) 25798
Nombre de persona Vicente Palacio, María Arántzazu
245 10 - MENCIÓN DE TÍTULO
Título Cambios sociales y prestación económica de maternidad (Sobre la maternidad subrogada)
Mención de responsabilidad, etc. María Arántzazu Vicente Palacio
500 ## - NOTA GENERAL
Nota general Resumen
650 #4 - ASIENTO SECUNDARIO DE MATERIA--TÉRMINO DE MATERIA
9 (RLIN) 29512
Término de materia o nombre geográfico como elemento inicial maternidad
650 #4 - ASIENTO SECUNDARIO DE MATERIA--TÉRMINO DE MATERIA
9 (RLIN) 27040
Término de materia o nombre geográfico como elemento inicial prestaciones de maternidad
650 #4 - ASIENTO SECUNDARIO DE MATERIA--TÉRMINO DE MATERIA
9 (RLIN) 27173
Término de materia o nombre geográfico como elemento inicial derechos de la mujer
650 #4 - ASIENTO SECUNDARIO DE MATERIA--TÉRMINO DE MATERIA
9 (RLIN) 29243
Término de materia o nombre geográfico como elemento inicial embarazo
650 #4 - ASIENTO SECUNDARIO DE MATERIA--TÉRMINO DE MATERIA
9 (RLIN) 28504
Término de materia o nombre geográfico como elemento inicial fecundidad
650 #4 - ASIENTO SECUNDARIO DE MATERIA--TÉRMINO DE MATERIA
9 (RLIN) 27286
Término de materia o nombre geográfico como elemento inicial cambio social
650 #4 - ASIENTO SECUNDARIO DE MATERIA--TÉRMINO DE MATERIA
9 (RLIN) 29855
Término de materia o nombre geográfico como elemento inicial legislación de seguridad social
650 #4 - ASIENTO SECUNDARIO DE MATERIA--TÉRMINO DE MATERIA
9 (RLIN) 27165
Término de materia o nombre geográfico como elemento inicial derecho del trabajo
650 #4 - ASIENTO SECUNDARIO DE MATERIA--TÉRMINO DE MATERIA
9 (RLIN) 28624
Término de materia o nombre geográfico como elemento inicial jurisprudencia
650 #4 - ASIENTO SECUNDARIO DE MATERIA--TÉRMINO DE MATERIA
9 (RLIN) 29919
Término de materia o nombre geográfico como elemento inicial tribunal supremo
653 10 - TÉRMINO DE INDEXACIÓN--NO CONTROLADO
Término no controlado Mujer
773 0# - ENTRADA DE DOCUMENTO FUENTE
Itemnumber del ítem fuente 86493
Lugar, editor y fecha de publicación Murcia Laborum 2014-
Otro identificador del documento 089390
Título Revista de Derecho de la Seguridad Social
Número de control del registro relacionado (ES-MaCES)46201
Parte(s) relacionada(s) n. 12 (3º trim. 2017) {55/1132 R. 089390} ;p. 123-141
902 ## - CES. TIPO DE DOCUMENTO
Tipodoc (006$c Sirtex) ART Artículo de revista
942 ## - ELEMENTOS KOHA
Fuente de clasificaión o esquema Clasificación propia del CES
Koha [por defecto] tipo de item Artículos (1982-2017)
Parte de clasificación Asuntos Sociales

No hay ítems disponibles.

© CES, Consejo Económico y Social de España 2021